000 00402pab a2200145 454500
008 180718b2013 xxu||||| |||| 00| 0 eng d
100 _aScott-Smith, Tom
245 _aThe fetishism of humanitarian objects and the management of malnutrition in emergencies
260 _c2013
300 _ap.913-928.
650 _aMalnutrition
773 _aThird World Quarterly
908 _aN
909 _a100971
999 _c100970
_d100970